| 000 | 00803cam a22002777a 4500 | ||
|---|---|---|---|
| 999 |
_c329738 _d329738 |
||
| 001 | 13394555 | ||
| 003 | NUST | ||
| 005 | 20170518170119.0 | ||
| 008 | 030912s2003 pk 000 0 urd | ||
| 010 | _a 2003342253 | ||
| 020 | _a9693514963 | ||
| 025 | _aP-U-2003342253; 05; 06 | ||
| 035 | _a(DLC) 2003342253 | ||
| 040 |
_aDLC _cDLC _dDLC |
||
| 042 | _alcode | ||
| 050 | 0 | 0 | _aMLCSA 2003/01665 (P) |
| 082 | _a891.4393 BAN | ||
| 100 | 0 |
_aBāno Qudsiyah, _d1928-2017. _91163 |
|
| 245 | 1 | 0 |
_aḤāsil ghāṭ : _bnāvil / _cBāno Qudsiyah. |
| 260 |
_aLāhaur : _bSang-i Mīl Pablīkeshanz, _c2003. |
||
| 300 |
_a336 p. ; _c22 cm. |
||
| 500 | _aNovel. | ||
| 546 | _aIn Urdu. | ||
| 906 |
_a7 _bcbc _corigode _d3 _encip _f20 _gy-gencatlg |
||
| 942 |
_2ddc _cBK |
||